|
|
|
|
| LEADER |
00963nam a2200241 a 4500 |
| 001 |
1926259 |
| 008 |
090511s1985 dk a b 000 0 eng d |
| 010 |
|
|
|a \\\85233459
|
| 020 |
|
|
|a 8788699161 (pbk.)
|
| 040 |
|
|
|a DLC
|c DLC
|d DLC
|
| 082 |
0 |
0 |
|a 628.3
|2 19
|
| 245 |
0 |
0 |
|a Industrial wastewater treatment in developing countries.
|
| 260 |
|
|
|a Lyngby :
|b Danish Academy of Technical Sciences,
|c 1985.
|
| 300 |
|
|
|a 110 p. :
|b ill. ;
|c 21 cm.
|
| 504 |
|
|
|a Bibliography: p. 81-85.
|
| 541 |
1 |
|
|e 00002498
|
| 650 |
|
0 |
|a Sewage disposal plants
|z Developing countries.
|
| 650 |
|
0 |
|a Sewage
|x Purification.
|
| 650 |
|
0 |
|a Factory and trade waste
|z Developing countries.
|
| 710 |
2 |
|
|a Akademiet for de tekniske videnskaber (Denmark).
|
| 852 |
4 |
|
|a Ayesha Abed Library
|j General Shelf.
|
| 999 |
|
|
|c 9032
|d 9032
|
| 952 |
|
|
|0 0
|1 0
|2 ddc
|4 0
|6 628_300000000000000_IND_1985
|7 0
|9 11154
|a BRACUL
|b BRACUL
|c GEN
|d 2010-06-21
|g 0.00
|l 0
|o 628.3 IND
|p 3010002498
|r 2010-06-21
|t 1
|w 2010-06-21
|y BK
|z Not price in Register
|